000 00508nam a2200181Ia 4500
001 24730
005 20260414151102.0
008 260414t2011||||xx |||||||||||||| ||spa||
041 _aESP
082 _a345.727
_bG65
100 _aGonzalo Quiroga, Martha (ed.)
_eAUT
245 0 _aMétodos alternos de solución de conflictos :
_bherramientas de paz y modernización de la justicia
260 _c2011
300 _a331 páginas :
_c24 cm.
650 _aDER
654 _aCDE
942 _cLIB
_dJUS
_fJUS
_2ddc
_n
999 _c24730
_d24730